| 000 | 00795nam a22002177a 4500 | ||
|---|---|---|---|
| 999 |
_c10613 _d10613 |
||
| 003 | AR-CdUCM | ||
| 008 | 190401b ||||| |||| 00| 0 spa d | ||
| 040 |
_aMUNICIPALIDAD PROVINCIAL DEL CUSCO _cBIBLIOTECA MUNICIPAL DEL CUSCO |
||
| 082 |
_a869.56 / _bIZ99M |
||
| 100 |
_aIzquierdo Ríos, Francisco _91079 |
||
| 245 |
_aMi aldea : _bPequeñas prosas / |
||
| 260 |
_aLima : _bTalleres de gráfica Panamericana, _c1963. |
||
| 300 |
_a90 páginas ; _c21 cm. |
||
| 500 | _aDonación de la familia Nieto. Dedicatoria a Luis Nieto. | ||
| 505 | _aContenido: La paloma -- Predio -- El roció -- Cuando el aguacero me sorprende -- Viajero -- Nuevo día ... | ||
| 650 |
_aLiteratura peruana _9169 |
||
| 650 |
_aPoesía Peruana _92266 |
||
| 650 |
_aSiglo XX _98 |
||
| 942 |
_2ddc _cLIBROS |
||
| 945 | _acmm | ||